Literal Translations Of COD Zombies Maps - Statistics

General Stats
  • This quiz has been taken 41 times
  • The average score is 8 of 15
Answer Stats
Hint Answer % Correct
Cinema of the Dead Kino Der Toten
92%
Crazy Verrückt
81%
Death Swamp Shi No Numa
78%
The Giant Der Riese
76%
Night of the Living Dead Nacht Der Untoten
70%
The Iron Dragon Der Eisendrache
68%
The Machine Die Maschine
54%
City of Blood Gorod Krovi
43%
Paradise Shangri-La
43%
Island of Despair Zetsubou No Shima
43%
Day of the Dead Tag der Toten
41%
A-O Alpha Omega
35%
Wall of the Dead Mauer der Toten
32%
Border Terminus
11%
Castle of the Dead Citadelle des Mortes
5%
No matching quizzes found
Score Distribution
Percent of People with Each Score
Percentile by Number Answered
Your Score History
You have not taken this quiz